000 00903nac a22002657a 4500
001 BR6000808
003 BR-BrBNA
005 20240105112954.0
008 230509b bl.|||m| |||| 00| 0 por d
040 _aBR-BrBNA
_bpor
_cBiblioteca Nacional de Agricultura
072 _aF00
090 _a3575 BR6000808
110 1 _aMinisterio da Agricultura, Rio de Janeiro, GB (Brasil);
_96904
110 1 _aDepartamento Nacional da Producao Vegetal, Rio de Janeiro, GB (Brasil)
_93233
245 1 _aPlano Nacional de Producao de Sementes e Mudas Melhoradas [Brasil]
260 3 _aRio de Janeiro, GB (Brasil):
_c1962.
300 _a18 p.
490 _aAgricultura - Ministerio da Agricultura (Brazil)
_vno. 6
_x
650 _aProducao vegetal
650 _aSemente
650 _aProjeto de desenvolvimento
650 _aMuda
909 _a202312
_bLúcia Elande
_c55
_dLúcia Elande
942 _2AGRIS
_n0
_cMS
999 _c261208
_d261208